| 000 | 00340nam a2200121Ia 4500 | ||
|---|---|---|---|
| 008 | 230907s9999||||xx |||||||||||||| ||und|| | ||
| 082 |
_a320.95 _bHUA |
||
| 100 |
_aHuang, Xiaoming. _9115662 |
||
| 245 | 0 | _aPolitics in Pacific Asia : | |
| 260 |
_aPalgrave Macmillan, _bBasingstoke ; | New York : _c2009 |
||
| 300 | _axv, 272 p. : | ||
| 942 | _cBK | ||
| 999 |
_c599089 _d599089 |
||